000 00445nmm a2200157Ia 4500
008 251105s9999||||xx |||||||||||||||||und||
020 _a9788490645994
041 _aspa
100 _aFont Redulad, Judit
245 0 _aJóvenes y periferia
264 _a[Madrid, España] :
_bUniversitat Oberta de Catalunya,
_c2015
300 _a120 páginas
650 _aSociology
856 _uhttps://public.digitaliapublishing.com/a/37980
942 _cCF
999 _c87733
_d87733